Vlastnícka štruktúra slovenského bankového sektora a tendencie jeho vývoja

Príspevok sa zaoberá možnými tendenciami vývoja slovenského bankového sektora. Východiskom je privatizácia slovenských bánk zahraničnými subjektami a globalizačné tendencie, ktoré sa dotýkajú aj bankovníctva.

Gespeichert in:
Bibliographische Detailangaben
1. Verfasser: Tkáčová, Daniela, 1954-
Weitere Verfasser: Fifek, Edmund
Format: Buchkapitel
Sprache:Slowakisch
Schlagworte:
Tags: Tag hinzufügen
Keine Tags, Fügen Sie das erste Tag hinzu!

MARC

LEADER 00000naa$a2200000$$$4500
001 0048771
005 20240611084119.9
041 0 |a slo 
044 |a SK 
245 1 0 |a Vlastnícka štruktúra slovenského bankového sektora a tendencie jeho vývoja  |c Dana Tkáčová 
520 |a Príspevok sa zaoberá možnými tendenciami vývoja slovenského bankového sektora. Východiskom je privatizácia slovenských bánk zahraničnými subjektami a globalizačné tendencie, ktoré sa dotýkajú aj bankovníctva. 
610 2 0 |a banky 
610 2 0 |a bankovníctvo 
610 2 0 |a kapitál zahraničný 
610 2 0 |a služby finančné 
610 2 0 |a trh finančný 
610 2 0 |a privatizácia 
610 2 0 |a Slovensko 
100 1 |a Tkáčová, Daniela, 1954- 
700 1 |a Fifek, Edmund